| 000 | 00406nam a22001217a 4500 | ||
|---|---|---|---|
| 999 |
_c9674 _d9674 |
||
| 003 | OSt | ||
| 008 | 201203b ||||| |||| 00| 0 eng d | ||
| 245 | _aJournal of Scientific and Industrial Research (JSIR) | ||
| 250 | _a2005(May Vol.64 No.5, Jul Vol.64 No.7, Aug Vol.64 No.8, Sep Vol.64 No.9) 2009(Nov Vol.64 No.11) | ||
| 260 |
_aNew Delhi _bCSIR-NISCAIR |
||
| 650 | _aMechanical Engineering | ||
| 942 |
_2ddc _cBV |
||